000 00667nam a2200229Ia 4500
003 OSt
005 20220923230114.0
006 a|||||r|||| 00| 0
007 ta
008 220922b |||||||| |||| 00| 0 hin d
024 _a277,366
037 _cTextual
040 _aARTS
_cARTS
_bhin
041 _2hin
_ahin
082 _aO153,3N191,KK, L2;M3
100 _aਅੰਮ੍ਰਿਤਾ ਪ੍ਰੀਤਮ
245 0 _aਕੋਰੇ ਕਾਫ਼ਗ਼
260 _c1982
650 _aਪੰਜਾਬੀ ਸਾਹਿਤ
942 _hO153,3N191,KK, L2;M3
_cTEXL
_2CC
999 _c382483
_d382483